000 00244nam a2200097Ia 4500
008 200302s9999 xx 000 0 und d
100 _aDorothy Dunnigan
245 _aOf Curse you Can Paint
260 _bWalter T. Foster Publication
300 _a38 P.,
999 _c563
_d563